Stades de Ligue 1 (2024-2025) - Statistiques

Statistiques générales
  • Ce quiz a été pris 1 359 fois
  • Le résultat moyen est 13 sur 18
Statistiques - réponses
Équipe Stade Capacité % Correct
Olympique de Marseille Stade Vélodrome 67.394
99%
Paris-Saint-Germain Parc des Princes 48 583
98%
Olympique Lyonnais Parc OL 59 186
93%
AS Saint-Étienne Stade Geoffroy-Guichard 41 965
83%
FC Nantes Stade de la Beaujoire 35 322
82%
AS Monaco Stade Louis-II 16.500
80%
LOSC Stade Pierre-Mauroy 50 157
78%
RC Lens Stade Bollaert-Delelis 38 058
76%
OGC Nice Allianz Riviera 36.178
73%
Toulouse Stadium de Toulouse 33.150
71%
Stade Rennais Roazhon Park 29 778
62%
RC Strasbourg Stade de la Meinau 26 280
62%
Montpellier Stade de la Mosson 22 000
60%
Angers SCO Stade Raymond Kopa 19 359
56%
Le Havre Stade Océane 25 178
55%
Stade Brestois Stade Francis-Le Blé 14.920
54%
Stade de Reims Stade Auguste-Delaune 21.029
39%
AJ Auxerre Stade de l'Abbé-Deschamps 18 541
34%
Aucun quiz correspondant
Distribution des résultats
% des personnes avec chaque résultat
Percentile par nombre de réponses
Votre historique - résultats
Vous n’avez pas pris ce quiz